000 01073nam a2200229Ia 4500
001 8419
003 GE_BSU
008 181216s||||||||xx |||||||||||||| ||und||
040 _cGE_BSU
080 _a821.353.1-32
100 _aვაჟა-ფშაველა
245 _aთხზულებათა სრული კრებული. ტ.10 მოთხრობები 1881-1895
245 _bკორესპონდენციები,პუბლიცისტური წერილები,სხვადასხვა დამატებანი
245 _cსარედ. კოლეგ. გ. ლეონიძე
260 _aთბილისი
260 _bსაბჭოთა საქართველო
260 _c1964
300 _a477გვ.22სმ.ილ.
653 _aთხზულებანი
653 _aკორესპონდენციები,პუბლიცისტური წერილები,სხვადასხვა დამატებანი
942 _cBK
999 _c41738
_d41738